00321pab a2200121 454500008004000000100002100040245006600061260000900127300001300136362000800149650001800157773002400175180718b2009 xxu||||| |||| 00| 0 eng d aTabb, William K. aGlobalization today: at the borders of class and state theory c2009 ap.34-53. aJan aGlobalization aScience and Society